[Sylvandire / (Record no. 182019)

MARC details
000 -LEADER
campo de control de longitud fija 00840nam a2200253 i 4500
001 - NÚMERO DE CONTROL
campo de control 182019
003 - IDENTIFICADOR DE NÚMERO DE CONTROL
campo de control ES-MaACL
005 - FECHA Y HORA DE LA ÚLTIMA TRANSACCIÓN
campo de control 20250704062533.0
008 - DATOS DE LONGITUD FIJA--INFORMACIÓN GENERAL
campo de control de longitud fija 130523q18501899fr a | |||||||| ||fre d
100 1# - ENTRADA PRINCIPAL--NOMBRE DE PERSONA
Nombre de persona Dumas, Alexandre,
Fechas asociadas al nombre 1802-1870
9 (RLIN) 241135
110 ## - ENTRADA PRINCIPAL--NOMBRE DE ENTIDAD CORPORATIVA
Término indicativo de función/relación Autor
245 10 - MENCIÓN DEL TÍTULO
Título [Sylvandire /
Mención de responsabilidad, etc. par Alexandre Dumas].
260 ## - PUBLICACIÓN, DISTRIBUCIÓN, ETC.
Lugar de publicación, distribución, etc. [S.l. :
Nombre del editor, distribuidor, etc. s.n.,
Fecha de publicación, distribución, etc. s.a.] (
Lugar de fabricación/manufactura Paris :
Fabricante Impr. de Louis Grimaux)
300 ## - DESCRIPCIÓN FÍSICA
Extensión P. [323]-412 :
Otras características físicas il. ;
Dimensiones 30 cm.
490 1# - MENCIÓN DE SERIE
Mención de serie Oeuvres complètes d'Alexandre Dumas
594 ## - Nota al título y mención de responsabilidad
Nota al título y mención de responsabilidad Tit. y autor tomados de pag.1.
596 ## - NOTA AL PIE DE IMPRENTA
NOTA AL PIE DE IMPRENTA Impreso en el siglo XIX.
597 ## - NOTA DE DESCRIPCIÓN FÍSICA
NOTA DE DESCRIPCIÓN FÍSICA Texto a dos col.
599 ## - NOTA A LAS ILUSTRACIONES
NOTA A LAS ILUSTRACIONES La il. en pag.1.
830 0# - PUNTO DE ACCESO ADICIONAL DE SERIE-TÍTULO UNIFORME
Título uniforme Oeuvres complètes d'Alexandre Dumas
9 (RLIN) 191733
852 ## - LOCALIZACIÓN
Ubicación ES-MaACL
Número de control de estantería R-1711(6)
condición física .- Ejempl. sin portada en un vol. facticio
942 ## - ELEMENTOS DE ENTRADA SECUNDARIOS (KOHA)
Fuente del sistema de clasificación o colocación Clasificación decimal universal
Holdings
Estatus retirado Estado de pérdida Estado de daño No para préstamo Biblioteca de origen Biblioteca actual Ubicación en estantería Fecha de adquisición Fuente de adquisición Total de préstamos Signatura topográfica completa Código de barras Visto por última vez Precio de reemplazo Tipo de ítem Koha
        Biblioteca del Ateneo de Madrid Biblioteca del Ateneo de Madrid Depósito 23/05/2013     R-1711(6) 1191281 23/02/2023 23/02/2023 Libro impreso